| 000 | 00702nam a2200217 u 4500 | ||
|---|---|---|---|
| 005 | 20240806064035.0 | ||
| 008 | 100527s2008 r 000 0 eng d | ||
| 020 | _a9788496509931 | ||
| 035 | _aUPN01000176165 | ||
| 049 | _aCG | ||
| 050 | 4 |
_aPS3523 O8.4 _bB4.7 |
|
| 100 | 1 |
_aLovecraft, Howard Phillips, _d1890-1937 _934485 |
|
| 245 | 1 | 0 |
_aBestiario / _cH. P. Lovecraft ; il. Enrique Alcatena ; tr. Elvio E. Gandolfo. |
| 260 |
_aBarcelona, Esp. : _bLibros del Zorro Rojo, _c2008. |
||
| 300 |
_a66 p. : _bil. col. |
||
| 650 | 4 |
_aLiteratura estadounidense _95229 |
|
| 650 | 4 |
_aHORROR EN LA LITERATURA _94138 |
|
| 650 | 4 |
_aCiencia ficción _95230 |
|
| 700 | 1 |
_aAlcatena, Enrique, _eil. |
|
| 905 | _aLibro | ||
| 999 |
_c148268 _d148268 |
||